Normal view
MARC view
- Haqi, Shan Ul Haq
Entry Personal Name
001 - CONTROL NUMBER
- control field: 106771
003 - CONTROL NUMBER IDENTIFIER
- control field: NUST
005 - DATE AND TIME OF LATEST TRANSACTION
- control field: 20230106081058.0
008 - FIXED-LENGTH DATA ELEMENTS
- fixed length control field: 230106|| aca||aabn | a|a d
040 ## - CATALOGING SOURCE
- Original cataloging agency: NUST
- Transcribing agency: NUST
100 ## - HEADING--PERSONAL NAME
- Personal name: Haqi, Shan Ul Haq
670 ## - SOURCE DATA FOUND
- Source citation: Work cat.: (NUST): Haqi, Shan Ul Haq , Nook Jhook “نوک جھوک” /, 2019
